000 02186nam a22003017a 4500
005 20150901154947.0
008 150901t2007 ck |||||r||||s00| 0 spa d
020 _a97895838332
040 _aCO-BoIAVH
_cCO-BoIAVH
041 0 _aspa
044 _ack
082 0 4 _a333.72068
_bG56c
100 1 _aGómez Hoyos, Natalia
_eEditora
245 _aConstrucción colectiva del sistema departamental de áreas protegidas del Valle del Cauca (SIDAP VALLE):
_bPropuesta conceptual y metodológica /
_cEditores: Natalia Gómez, Milton Reyes, Monica Hernandez.., [et al]
260 _aSantiago de Cali (Colombia) :
_bCVC,
_c2007.
300 _a134 páginas :
_bilustraciones y fotografías a color.
_c24 cm.
504 _aIncluye referencias bibliográficas (Páginas 130-134).
505 0 _a1. ¿Cuál es el marco jurídico general de las áreas protegidas en Colombia? 2. ¿Cuáles son los acuerdos conceptuales y organizativos del SIDAP Valle? 3. ¿Cómo se declara un área como protegida? 4. ¿Cómo se identifican y caracterizan los actores sociales? 5. ¿Por qué es preciso conservar? Objetivos, criterios de conservación y su relación con las categorías de áreas protegidas. 6. ¿Cómo categorizar un área? Definición de objetivos de conservación y selección de la categoría de área protegida mas adecuada. 7. ¿Cómo priorizar procesos y definir su ruta de gestión? 8. ¿Cómo articular las acciones de conservación de los propietarios privados con las iniciativas del Estado? Las Reservas Naturales de la sociedad civil en el contexto del SIDAP Valle. 9. ¿Cual es la estrategia de sostenibilidad del SIDAP Valle del Cauca?
650 4 _aAreas de conservación
_zValle del Cauca (Colombia)
650 4 _aParques nacionales naturales
_zValle del Cauca (Colombia)
650 4 _aReservas naturales
_zValle del Cauca (Colombia)
700 1 _aReyes Gutiérrez, Milton A.
_eEditor
700 1 _aHernández Corrales, Mónica
_eEditora
700 1 _aRojas, Yasmín
_eEditora
700 1 _aSalazar-Valencia, Martha Lucía
_eEditora
700 1 _aAyala, Claudia Marcela
_eEditora
942 _2ddc
_cLIBRO
999 _c17741
_d17741